| 000 | 00609nam a22002297a 4500 | ||
|---|---|---|---|
| 003 | UA-OsUOA | ||
| 001 | 34406 | ||
| 007 | ta | ||
| 008 | 20051003b un ||||| |||| 00| 0 ukr d | ||
| 090 |
_a929:75(477) _bБ-90 |
||
| 942 | _cBK | ||
| 040 |
_aUA-OsUOA _bukr _cUA-OsUOA _dUA-OsUOA |
||
| 245 |
_aЮліян Буцманюк _bМонографічна студія |
||
| 300 | _a111 с. | ||
| 955 | _a2 | ||
| 041 | _aukr | ||
| 080 | _a929:75(477) | ||
| 020 | _a0-96900239-1-Х | ||
| 260 |
_aКанада _c1982 |
||
| 650 | 7 |
_a9 Географія. Біографії. Історія _2UDC |
|
| 999 |
_c320838 _d320838 |
||